000 00334nam a2200121Ia 4500
005 20260328101449.0
008 260328s9999||||xx |||||||||||||| ||und||
100 _aOrtíz, Federico
245 0 _aArquitectura en la Argentina - Vol. 4 :
_b Córdoba /
_cFederico Ortíz
260 _bEudeba
650 _aARQUITECTURA REGIONAL
942 _cBK
999 _c8580
_d8580